Detalles MARC
| 000 -CABECERA |
| Campo de control de longitud fija |
00899nam a2200265ua 4500 |
| 003 - IDENTIFICADOR DE NÚMERO DE CONTROL |
| Campo de control |
armpcda |
| 005 - FECHA Y HORA DE LA ÚLTIMA MODIFICACIÓN |
| control field |
20160802124730.0 |
| 040 ## - FUENTE DE CATALOGACIÓN |
| Centro de catalogación original |
armpcda |
| Lenguaje de catalogación |
spa |
| Centro que realiza la transcripción |
armpcda |
| 041 ## - CÓDIGO DE LENGUAJE |
| Language code of text/sound track or separate title |
spa |
| 001 - NÚMERO DE CONTROL |
| Campo de control |
000433 |
| 008 - ELEMENTOS DE LONGITUD FIJA INFORMACIÓN GENERAL |
| Campo de control de longitud fija |
056020s1999 ||||||||||||||000 | spa|| |
| 100 1# - Asiento principal. Nombre de persona |
| Nombre de persona |
Herzer, Hilda María |
| 260 ## - Publicación, Distribución, Etc. (Pie de imprenta) |
| Lugar de publicación, distribución, etc. |
Mar del Plata |
| Nombre del editor, distribuidor, etc. |
Universidad Nacional de Mar del Plata. Facultad de Arquitectura, Urbanismo y Diseño |
| Fecha de publicación, distribución, etc. |
1999-2000 |
| 245 10 - Mención de Título |
| Título |
Procesos urbanos y hábitat |
| Resto del título |
rol de los actores en la construcción y la gestión de la ciudad |
| Mención de responsabilidad |
Hilda María Herzer |
| 300 0# - Descripción física |
| Extensión |
128 p. |
| 490 #0 - SERIES STATEMENT |
| Series statement |
Maestría en: Hábitat y Vivienda |
| -- |
Procesos Urbanos y Hábitat |
| 504 ## - Nota de Bibliografía, etc. |
| Nota de Bibliografía, etc. |
Bibliografía al final de cada capítulo |
| 650 #4 - Punto de acceso adicional de materia -Término de materia |
| Término de materia o nombre geográfico como elemento inicia |
PROCESOS URBANOS |
| 650 #4 - Punto de acceso adicional de materia -Término de materia |
| Término de materia o nombre geográfico como elemento inicia |
HABITAT |
| 650 #4 - Punto de acceso adicional de materia -Término de materia |
| Término de materia o nombre geográfico como elemento inicia |
GESTION URBANA |
| 650 #4 - Punto de acceso adicional de materia -Término de materia |
| Término de materia o nombre geográfico como elemento inicia |
POLITICAS URBANAS |
| 650 ## - Punto de acceso adicional de materia -Término de materia |
| Término de materia o nombre geográfico como elemento inicia |
Procesos urbanos y hábitat |
| 942 ## - ADDED ENTRY ELEMENTS (KOHA) |
| Koha item type |
LIBRO |
| Source of classification or shelving scheme |
|
| 901 ## - LOCAL DATA ELEMENT A, LDA (RLIN) |
| a |
n |
| b |
m |